=LDR 00000nam 2200000 4500 =001 INLIS000000000028911 =005 20130612131201 =008 ***********************************Ind** =035 ##$$a0010-061300000028911 =041 ##$$a Ind =082 ##$$a 398.309 55 =090 ##$$a 398.309 55, Jay h =100 ##$$a Jayawati, Maini Trisna =245 ##$$a Hikayat mesa gimang, Maini Trisna Jayanti =260 ##$$a 1997 $b Jakarta =300 ##$$a 73 hlm, 21 cm =650 ##$$a Cerita rakyat =850 ##$$a NBPNMAT =990 ##$$a 92386/BPAP-NTB/2014